<?xml version="1.0" encoding="UTF-8"?><?xml-stylesheet type="text/xsl" href="static/style.xsl"?><OAI-PMH xmlns="http://www.openarchives.org/OAI/2.0/" xmlns:xsi="http://www.w3.org/2001/XMLSchema-instance" xsi:schemaLocation="http://www.openarchives.org/OAI/2.0/ http://www.openarchives.org/OAI/2.0/OAI-PMH.xsd"><responseDate>2026-06-29T02:38:30Z</responseDate><request verb="GetRecord" identifier="oai:docta.ucm.es:20.500.14352/104805" metadataPrefix="marc">https://docta.ucm.es/rest/oai/request</request><GetRecord><record><header><identifier>oai:docta.ucm.es:20.500.14352/104805</identifier><datestamp>2024-06-11T00:08:56Z</datestamp><setSpec>com_20.500.14352_14</setSpec><setSpec>col_20.500.14352_15</setSpec></header><metadata><record xmlns="http://www.loc.gov/MARC21/slim" xmlns:dcterms="http://purl.org/dc/terms/" xmlns:xsi="http://www.w3.org/2001/XMLSchema-instance" xmlns:doc="http://www.lyncode.com/xoai" xsi:schemaLocation="http://www.loc.gov/MARC21/slim http://www.loc.gov/standards/marcxml/schema/MARC21slim.xsd">
   <leader>00925njm 22002777a 4500</leader>
   <datafield ind2=" " ind1=" " tag="042">
      <subfield code="a">dc</subfield>
   </datafield>
   <datafield ind2=" " ind1=" " tag="720">
      <subfield code="a">Fernández de las Peñas, César</subfield>
      <subfield code="e">author</subfield>
   </datafield>
   <datafield ind2=" " ind1=" " tag="720">
      <subfield code="a">Navarro Santana, Marcos José</subfield>
      <subfield code="e">author</subfield>
   </datafield>
   <datafield ind2=" " ind1=" " tag="720">
      <subfield code="a">Plaza Manzano, Gustavo</subfield>
      <subfield code="e">author</subfield>
   </datafield>
   <datafield ind2=" " ind1=" " tag="720">
      <subfield code="a">Palacios Ceña, Domingo</subfield>
      <subfield code="e">author</subfield>
   </datafield>
   <datafield ind2=" " ind1=" " tag="720">
      <subfield code="a">Arendt Nielsen, Lars</subfield>
      <subfield code="e">author</subfield>
   </datafield>
   <datafield ind2=" " ind1=" " tag="260">
      <subfield code="c">2021-09-23</subfield>
   </datafield>
   <datafield ind2=" " ind1=" " tag="520">
      <subfield code="a">The aim of this review or meta-analysis is to synthesize the prevalence of post-coronavirus disease (COVID) pain symptoms of musculoskeletal origin in hospitalized or nonhospitalized patients recovered from severe acute respiratory syndrome coronavirus 2 (SARS-CoV-2) infection. MEDLINE, CINAHL, PubMed, EMBASE, and Web of Science databases, as well as medRxiv and bioRxiv preprint servers were searched up to May 1, 2021. Studies or preprints reporting data on post-COVID pain symptoms such as myalgias, arthralgias, or chest pain after SARS-CoV-2 infection and collected by personal, telephonic, or electronical interview were included. The methodological quality of the studies was assessed using the Newcastle–Ottawa Scale. Random-effects models were used for meta-analytical pooled prevalence of each post-COVID musculoskeletal pain symptom. Data synthesis was categorized at onset or hospital admission and at 30, 60, and 90, and ≥180 days after. From a total of 12,123 studies identified, 27 peer-reviewed studies and 6 preprints were included. The sample included 14,639 hospitalized and 11,070 nonhospitalized COVID-19 patients. The methodological quality of almost 70% studies was fair. The overall prevalence of post-COVID myalgia, joint pain, and chest pain ranged from 5.65% to 18.15%, 4.6% to 12.1%, and 7.8% to 23.6%, respectively, at different follow-up periods during the first year postinfection. Time trend analysis showed a decrease prevalence of musculoskeletal post-COVID pain from the symptom's onset to 30 days after, an increase 60 days after, but with a second decrease ≥180 days after. This meta-analysis has shown that almost 10% of individuals infected by SARS-CoV-2 will suffer from musculoskeletal post-COVID pain symptomatology at some time during the first year after the infection.</subfield>
   </datafield>
   <datafield ind1="8" ind2=" " tag="024">
      <subfield code="a">Fernández-de-las-Peñas, Césara,b,*; Navarro-Santana, Marcosc; Plaza-Manzano, Gustavoc,d; Palacios-Ceña, Domingoa; Arendt-Nielsen, Larsb. Time course prevalence of post-COVID pain symptoms of musculoskeletal origin in patients who had survived severe acute respiratory syndrome coronavirus 2 infection: a systematic review and meta-analysis. PAIN 163(7):p 1220-1231, July 2022. | DOI: 10.1097/j.pain.0000000000002496</subfield>
   </datafield>
   <datafield ind1="8" ind2=" " tag="024">
      <subfield code="a">0304-3959</subfield>
   </datafield>
   <datafield ind1="8" ind2=" " tag="024">
      <subfield code="a">1872-6623</subfield>
   </datafield>
   <datafield ind1="8" ind2=" " tag="024">
      <subfield code="a">10.1097/j.pain.0000000000002496</subfield>
   </datafield>
   <datafield ind1="8" ind2=" " tag="024">
      <subfield code="a">https://hdl.handle.net/20.500.14352/104805</subfield>
   </datafield>
   <datafield ind1="8" ind2=" " tag="024">
      <subfield code="a">https://journals.lww.com/pain/pages/default.aspx</subfield>
   </datafield>
   <datafield ind1="8" ind2=" " tag="024">
      <subfield code="a">https://journals.lww.com/pain/abstract/2022/07000/time_course_prevalence_of_post_covid_pain_symptoms.2.aspx</subfield>
   </datafield>
   <datafield ind2="0" ind1="0" tag="245">
      <subfield code="a">Time course prevalence of post-COVID pain symptoms of musculoskeletal origin in patients who had survived severe acute respiratory syndrome coronavirus 2 infection: a systematic review and meta-analysis</subfield>
   </datafield>
</record></metadata></record></GetRecord></OAI-PMH>